000 00580nam a22002297a 4500
003 UA-OsUOA
001 93322
007 ta
008 20130117b un ||||| |||| 00| 0 ukr d
100 _aВоеводин В.
090 _a821.161.1
_bВ63
942 _cBK
040 _aUA-OsUOA
_brus
_cUA-OsUOA
_dUA-OsUOA
245 _aПовестьо Пушкине
300 _a159 с.
955 _a1
041 _arus
080 _a821.161.1
260 _aЛенинград
_c1949
650 7 _a9 Географія. Біографії. Історія
_2UDC
999 _c379567
_d379567